NFL Cleveland Browns 2021-2022 Active Roster - Statistics

General Stats
  • This quiz has been taken 96 times
    94 since last reset
  • The average score is 28 of 72
Answer Stats
Hint Answer % Correct
RB Nick Chubb
99%
QB Baker Mayfield
96%
RB Kareem Hunt
96%
TE David Njoku
86%
WR Jarvis Landry
86%
DE Myles Garrett
86%
TE Austin Hooper
80%
CB Denzel Ward
80%
RB D'Ernest Johnson
78%
WR Donovan Peoples-Jones
77%
FS John Johnson
77%
QB Case Keenum
75%
G Joel Bitonio
74%
Head Coach Kevin Stefanski
72%
G Wyatt Teller
65%
DE Jadeveon Clowney
61%
CB Greg Newsome
58%
T Jedrick Wills
58%
CB Greedy Williams
57%
TE Harrison Bryant
57%
RB Dexter Williams
55%
C Nick Harris
54%
ILB Anthony Walker Jr.
51%
C JC Tretter
51%
T Jack Conklin
49%
WR Rashard Higgins
49%
OLB Malcolm Smith
48%
WR Anthony Schwartz
45%
FB Andy Janovich
43%
RB Demetric Felton
41%
SS Grant Delpit
41%
SS Ronnie Harrison
41%
DT Malik Jackson
39%
CB Troy Hill
39%
QB Nick Mullens
38%
OLB Sione Takitaki
38%
OLB Jeremiah Owusu-Koramoah
35%
Special Teams Cord. Joe Woods
33%
CB A.J. Green
32%
DT Malik McDowell
30%
OLB Mack Wilson
29%
T Chris Hubbard
28%
ILB Jacob Phillips
26%
LS Charley Hughlett
25%
P Dustin Colquitt
23%
DE Porter Gustin
22%
DE Takkarist McKinley
22%
DT Tommy Togiai
22%
K Chase McLaughlin
19%
T Blake Hance
17%
DT Jordan Elliott
16%
TE Stephen Carlson
16%
Offensive Cord. Alex Van Pelt
14%
WR Ja'Marcus Bradley
14%
DT Sheldon Day
14%
T James Hudson
13%
SS M.J. Stewart
13%
OLB Tony Fields
13%
G Michael Dunn
12%
Defensive Cord. Mike Priefer
10%
CB Herb Miller
9%
WR Ryan Switzer
9%
CB Brian Allen
7%
G Drew Forbes
7%
G Hjalte Froholdt
7%
DE Curtis Weaver
6%
ILB Elijah Lee
6%
FS Richard LeCounte
6%
ILB Montrel Meander
4%
DE Ifeadi Odenigbo
3%
FS Adrian Colbert
0%
RB Tre Harbinson
0%
No matching quizzes found
Score Distribution
Percent of People with Each Score
Percentile by Number Answered
Your Score History
You have not taken this quiz since the last reset